000 00621nam a2200181 i 4500
001 34928
003 ES-MaACL
005 20250828063240.0
007 t|
008 030211s1971 sp ||||1| spa d
100 1 _aBorrajo Dacruz, Efrén,
_d1928-2022
_930547
245 1 0 _aBases para una configuración comunitaria de la empresa en España /
_cpor Efrén Borrajo Dacruz.
260 _a[Zaragoza :
_bLa Editorial] :
_bObra sindica "Cooperación",
_c1971.
300 _a54 p. ;
_c21 cm.
500 _aEs separata de: Revista de trabajo, 26.
852 _aES-MaACL
_jC-45189
_bR.76766
999 _c34928
_d34928